The Decision to parent : a teaching guide /

Bibliographic Details
Other Authors: Schultz, Jerelyn B.
Format: Book
Language:English
Published: Ames : Iowa State University Press, 1980.
Edition:1st ed.
Subjects:

MARC

Tag First Indicator Second Indicator Subfields
LEADER 00000cam a22000005a 4500
001 in00000085298
005 20151008055828.0
008 801030s1980 iau 00000 eng d
020 |a 0813815959 
035 |a (OCoLC)06880431 
035 |9 AAJ4500AM 
040 |a GSU  |c GSU  |d TXA  |d UtOrBLW 
049 |a TXAM  |c [1655196] 
090 |a HQ755.7  |b .D43 
245 0 4 |a The Decision to parent :  |b a teaching guide /  |c edited by Jerelyn B. Schultz [and others]. 
250 |a 1st ed. 
264 1 |a Ames :  |b Iowa State University Press,  |c 1980. 
300 |a v, 170 pages :  |b illustrations ;  |c 28 cm. 
336 |a text  |b txt  |2 rdacontent 
337 |a unmediated  |b n  |2 rdamedia 
338 |a volume  |b nc  |2 rdacarrier 
504 |a Bibliography: pages 165-168. 
650 0 |a Parenting  |x Study and teaching. 
700 1 |a Schultz, Jerelyn B. 
999 |a MARS 
999 f f |s 4e241e46-a6fb-3183-8290-1843ffe9dda1  |i 53ffbe0e-6ec3-35c7-b363-33ffa6ecf03f  |t 0 
952 f f |p ric  |a Texas A&M University  |b Rellis Campus  |c Joint Library Facility  |s JLF  |d Remote Storage  |t 0  |e HQ755.7 .D43  |h Library of Congress classification  |i unmediated -- volume  |m A14806142190 
998 f f |a HQ755.7 .D43  |t 0  |l Remote Storage